Statistiken für Die meisten bewaldeten Länder A-Z

Klicken Sie hier um das Quiz zu spielen!

Allgemein

  • Dieses Quiz wurde 194 mal gespielt
  • Das Durchschnittsergebnis liegt bei 12 aus 23

Antwortstatistiken

Landfläche (km²)Land% Korrekt
R8,149,300Russland
94%
B4,776,980Brasilien
91%
C2,083,210China
89%
D114,190Deutschland
88%
K4,916,438Kanada
82%
V3,100,950Vereinigte Staaten
78%
F246,640Frankreich
77%
I884,950Indonesien
67%
A1,250,000Australien
65%
N121,120Norwegen
58%
J253,203Japan
56%
P687,420Peru
50%
W80,334Weißrussland
48%
O39,600Österreich
47%
M710,000Mexiko
45%
H67,240Honduras
38%
U105,000Ukraine
36%
Z227,550Zentralafrikanische Republik
35%
E115,510Ecuador
31%
L170,000Laos
24%
T352,570Tansania
20%
G227,517Gabun
13%
S675,460Sudan
8%

Verteilung der Resultate

Perzentil nach korrekt beantworteten Fragen

Anzahl Personen mit jedem Resultat

Ihre Resultats-Entwicklung

Sie haben dieses Quiz noch nicht gespielt